[Event "Høstturnering 2009"]
[Site "Ås, Akershus NOR"]
[Date "2009.10.29"]
[Round "6"]
[White "Bakken, Svein-Erik"]
[Black "Garmark, Vegard"]
[Result "1-0"]
[WhiteElo "1331"]
[BlackElo "1038"]
[PlyCount "107"]
[EventDate "2009.09.03"]

1. d4 Nf6 2. c4 c6 3. Nc3 e6 4. Bg5 h6 5. Bh4 Bb4 6. e3 d5 7. Nf3 Qc7 8. Bd3
dxc4 9. Bxc4 Ne4 10. Qb3 Bxc3+ 11. bxc3 O-O 12. Bd3 f5 13. O-O Qd6 14. Bxe4
fxe4 15. Nd2 Qd5 16. c4 Qf5 17. Qc2 Na6 18. Qxe4 Qh5 19. Bg3 c5 20. Nf3 Rf5 21.
Ne5 cxd4 22. exd4 Qe8 23. Rfe1 Bd7 24. Nxd7 Qxd7 25. Qxe6+ Qxe6 26. Rxe6 Nb4
27. Rb1 a5 28. a3 Nc2 29. Rxb7 Nxd4 30. Ree7 Rg5 31. Be5 Nf3+ 32. Kf1 Nxe5 33.
f4 Rf8 34. g3 Nxc4 35. Ke2 Rg6 36. a4 Rd8 37. Rbc7 Nd6 38. Kf3 h5 39. Ra7 Nf5
40. Re5 Nd4+ 41. Kg2 h4 42. Rexa5 Ne2 43. Rg5 h3+ 44. Kxh3 Rh6+ 45. Kg2 g6 46.
f5 Rd5 47. Ra8+ Kf7 48. fxg6+ Ke6 49. Rxd5 Rxg6 50. Ra6+ Kxd5 51. Rxg6 Kc5 52.
a5 Nd4 53. a6 Nb5 54. h4 1-0

[Event "Høstturnering 2009"]
[Site "Ås, Akershus NOR"]
[Date "2009.10.29"]
[Round "6"]
[White "Furnes, Torstein"]
[Black "Lea, Per"]
[Result "0-1"]
[WhiteElo "1505"]
[BlackElo "1528"]
[PlyCount "26"]
[EventDate "2009.09.03"]

1. d4 d5 2. Nf3 Nf6 3. e3 c5 4. c4 cxd4 5. Nxd4 dxc4 6. Qa4+ Bd7 7. Qxc4 Nc6 8.
Be2 e5 9. Nf3 Rc8 10. Qb3 Nd4 11. exd4 Rxc1+ 12. Bd1 Qa5+ 13. Nfd2 Ba4 0-1

[Event "Høstturnering 2009"]
[Site "Ås, Akershus NOR"]
[Date "2009.11.05"]
[Round "7"]
[White "Hovland, Arne"]
[Black "Lea, Per"]
[Result "0-1"]
[WhiteElo "1561"]
[BlackElo "1528"]
[PlyCount "48"]
[EventDate "2009.09.03"]
1. d4 Nf6 2. Nf3 d5 3. c4 e6 4. Nc3 c6 5. e3 Be7 6. Qc2 Nbd7
7. b3 O-O 8. Bb2 Re8 9. Bd3 Nf8 10. O-O b6 11. Rad1 Bb7 12. e4 dxe4 13. Nxe4
Nxe4 14. Bxe4 Qc7 15. Qe2 Rad8 16. Bb1 Bf6 17. Ba3 g6 18. Ne5 Nd7 19. f4 c5 20.
Nxd7 Rxd7 21. d5 Ree7 22. dxe6 Rxe6 23. Rxd7 Rxe2 24. Rxc7 Bd4+ 0-1

[Event "Høstturnering 2009"]
[Site "Ås, Akershus NOR"]
[Date "2009.11.05"]
[Round "7"]
[White "Furnes, Torstein"]
[Black "Moberg, Jan Rune"]
[Result "1-0"]
[WhiteElo "1505"]
[BlackElo "1483"]
[PlyCount "77"]
[EventDate "2009.09.03"]

1. d4 d5 2. c4 c6 3. e3 Bf5 4. Nf3 Nf6 5. Bd3 Bg6 6. O-O e6 7. Nc3 Bd6 8. c5
Be7 9. b4 a5 10. b5 Nbd7 11. a4 e5 12. Bxg6 fxg6 13. Nxe5 Nxe5 14. dxe5 Nd7 15.
e4 dxe4 16. Nxe4 O-O 17. Qb3+ Kh8 18. Rd1 Qc7 19. Nd6 Nxe5 20. b6 Qb8 21. Bb2
Bxd6 22. Rxd6 Nf7 23. Qc3 Rg8 24. Rxg6 Qe5 25. Qxe5 Nxe5 26. Rg3 Rae8 27. Rd1
Ng6 28. h3 Re7 29. Rgd3 Rge8 30. Rd8 Kg8 31. Rxe8+ Rxe8 32. Rd7 Ne5 33. Rxb7
Nd3 34. Bd4 Re4 35. Rd7 Re1+ 36. Kh2 Rb1 37. Rxg7+ Kf8 38. Rc7 Rb4 39. b7 1-0

[Event "Høstturnering 2009"]
[Site "Ås, Akershus NOR"]
[Date "2009.11.19"]
[Round "8"]
[White "Lea, Per"]
[Black "Simonsen, Steinar"]
[Result "1-0"]
[WhiteElo "1528"]
[BlackElo "1375"]
[PlyCount "97"]
[EventDate "2009.09.03"]
1. e4 e5 2. Nf3 Nc6 3. Bc4 Bc5 4. c3 Nf6 5. d4 exd4 6. cxd4 Bb4+ 7. Nc3 d5 8.
exd5 Nxd5 9. Bd2 Nxc3 10. bxc3 Qe7+ 11. Be2 Bd6 12. O-O O-O 13. Re1 Qf6 14. Bg5
Qg6 15. Bd3 Bf5 16. Nh4 Qxg5 17. Nxf5 Rad8 18. Re4 g6 19. Rg4 Qf6 20. Nxd6 Rxd6
21. Qd2 Re8 22. Re1 Rxe1+ 23. Qxe1 Qe6 24. Qxe6 Rxe6 25. Re4 Rxe4 26. Bxe4 f5
27. Bxc6 bxc6 28. Kf1 Kf7 29. Ke2 Ke6 30. Kd3 c5 31. Kc4 cxd4 32. cxd4 Kd6 33.
f4 c6 34. a4 a5 35. h3 h6 36. h4 h5 37. g3 Kd7 38. Kc5 Kc7 39. d5 cxd5 40. Kxd5
Kb6 41. Kd6 Kb7 42. Ke6 Kc6 43. Kf6 Kc5 44. Kxg6 Kb4 45. Kxh5 Kxa4 46. Kg5 Kb3
47. h5 a4 48. h6 a3 49. h7 1-0

[Event "Høstturnering 2009"]
[Site "Ås, Akershus NOR"]
[Date "2009.11.19"]
[Round "8"]
[White "Stensland, Martin"]
[Black "Furnes, Torstein"]
[Result "0-1"]
[WhiteElo "1172"]
[BlackElo "1505"]
[PlyCount "82"]
[EventDate "2009.09.03"]

1. d4 d5 2. Bf4 Nf6 3. Nc3 Bf5 4. Nb5 Na6 5. a3 c6 6. Nc3 Qb6 7. Rb1 e6 8. e3
Be7 9. Nf3 O-O 10. Be2 c5 11. O-O c4 12. Bg5 h6 13. Bh4 Qd8 14. Ne5 Ne4 15.
Bxe7 Qxe7 16. Nxe4 Bxe4 17. f3 Bh7 18. Qd2 f6 19. Ng4 b5 20. Nf2 b4 21. e4 Rfb8
22. c3 bxa3 23. bxa3 Qxa3 24. Ra1 Qd6 25. e5 fxe5 26. dxe5 Qb6 27. h3 Nc5 28.
Bd1 Nb3 29. Bxb3 cxb3 30. Qb2 a5 31. Ra4 Bg6 32. Kh2 Be8 33. Rf4 a4 34. Ra1 a3
35. Rxa3 Rxa3 36. Qxa3 b2 37. Ng4 Bg6 38. Nf6+ gxf6 39. exf6 b1=Q 40. Qe7 Q6g1+
41. Kg3 Qbe1+ 0-1

[Event "Høstturnering 2009"]
[Site "Ås, Akershus NOR"]
[Date "2009.12.10"]
[Round "9"]
[White "Høva, Frode"]
[Black "Lea, Per"]
[Result "1-0"]
[WhiteElo "1603"]
[BlackElo "1528"]
[PlyCount "107"]
[EventDate "2009.09.03"]
1. d4 d5 2. Nf3 Nf6 3. c4 e6 4. Nc3 Be7 5.Bg5 Nbd7 6. e3 c6 7. Qc2 O-O 
8. O-O-O a6 9. Kb1 b5 10. cxd5 cxd5 11. Bd3 h6 12.Bh4 Bb7 13. Rc1 Rc8 
14. Qb3 Ne4 15. Bxe7 Nxc3+ 16. Rxc3 Qxe7 17. Rhc1 Nb6 18. Rxc8 Rxc8 19. Rxc8+ Bxc8 
20. Qc3 Bb7 21. b3 f6 22. Be2 Qd6 23. g3 Kf7 24. Kb2 Ke7 25. Qc2 Kf7 26. Nh4 f5 
27. Bh5+ Kf6 28. Ng6 Qc6 29. Qxc6 Bxc6 30. Ne5 Bb7 31. Nd3 Nd7 32. Be8 Ke7 
33. Bxd7 Kxd7 34. Nc5+ Kc6 35. Nxe6 g6 36. Nd8+ Kc7 37. Nxb7 Kxb7 38. b4 Kb6 
39. Kc3 Kc6 40. Kd3 Kd6 41. f3 Ke6 42. e4 g5 43. e5 Ke7
44. Ke2 Ke6 45. h4 Ke7 46. hxg5 hxg5 47. Kf2 Ke6 48. Kg2 Kf7 49. Kh3 Kg6 50. f4
Kh5 51. fxg5 Kxg5 52. Kg2 Kg6 53. Kf3 Kg5 54. Ke3 1-0

[Event "Høstturnering 2009"]
[Site "Ås, Akershus NOR"]
[Date "2009.12.10"]
[Round "9"]
[White "Olsen, Trygve"]
[Black "Furnes, Torstein"]
[Result "0-1"]
[WhiteElo "1255"]
[BlackElo "1505"]
[PlyCount "52"]
[EventDate "2009.09.03"]

1. e4 c5 2. c4 Nc6 3. Nf3 d6 4. h3 Nf6 5. Nc3 g6 6. Bd3 Bg7 7. Bb1 O-O 8. Nd5
e6 9. Nf4 d5 10. cxd5 exd5 11. exd5 Re8+ 12. Kf1 Nxd5 13. Nxd5 Qxd5 14. a3 b6
15. d3 Ba6 16. Kg1 Ne5 17. Nxe5 Rxe5 18. Kh2 Rd8 19. Qa4 Bb7 20. Qg4 Rde8 21.
Be3 h5 22. Qg3 Rxe3 23. Ba2 Qf5 24. Qh4 Re2 25. Raf1 Rxb2 26. Bc4 Bf6 0-1

[Event "Klubbmesterskap 2009"]
[Site "Ås, Akershus NOR"]
[Date "2009.01.29"]
[Round "1"]
[White "Lea, Per"]
[Black "Høva, Frode"]
[Result "1/2-1/2"]
[WhiteElo "1562"]
[BlackElo "1502"]
[PlyCount "67"]
[EventDate "2009.01.29"]
1. e4 c5 2. Nf3 d6 3. d4 cxd4 4. Nxd4 Nf6 5. Nc3 Nc6 {[%emt 0:00:00]} 6. Bg5 e6 7. Qd2 a6 8. O-O-O h6 9. Nxc6 bxc6 10. Bh4 Be7 11. f4 Qc7 12. Be2 Rb8 13. g4 Qb7 14. b3 a5 15. e5 dxe5 16. fxe5 Ba3+ 17. Kb1 Nd5 18. Nxd5 cxd5 19. Qxa5 Be7 20. Bxe7 Qxe7 21. Bb5+ Bd7 22. Bxd7+ Qxd7 23. c4  O-O 24. cxd5 exd5 25. Qxd5 Qxg4 26. Rd4 Qf5+ 27. Qe4 Qh3 28. Rd3 Qe6 29. Rhd1 Rfe8 30. Rd5 Qh3 31. Qc2 Rbc8 32. Qd2 Qf5+ 33. Qd3 Qf4 34. Qd2 1/2-1/2

[Event "Klubbmesterskap 2009"]
[Site "Ås, Akershus NOR"]
[Date "2009.02.05"]
[Round "2"]
[White "Moberg, Jan Rune"]
[Black "Lea, Per"]
[Result "1-0"]
[WhiteElo "1443"]
[BlackElo "1562"]
[PlyCount "73"]
[EventDate "2009.01.29"]
1. g3 g6 2. Bg2 Bg7 3. d4 d5 4. b3 Nf6 5. Nf3 O-O 6. Nbd2 e6 7. O-O Nbd7 8. Bb2 b6 9. e4 dxe4 10. Ng5 Bb7 11. Ngxe4 Nxe4 12. Nxe4 Rb8 13.
Qe2 c5 14. Rad1 Qc7 15. Rfe1 Rfd8 16. c4 cxd4 17. Bxd4 e5 18. Be3 f5 19. Ng5 Bxg2 20. Kxg2 Qc6+ 21. Kg1 Nf6 22. Bc1 e4 23. Nh3 Ng4 24. Nf4 Ne5 25. Rxd8+ Rxd8 26. Rd1 Rxd1+ 27. Qxd1 Qd7 28. Qd5+ Qxd5 29. Nxd5 Kf7 30. Ba3 Ke6 31. Kg2 Nd3 32. f4 Kd7 33. h3 Bd4 34. g4 Ne1+ 35. Kf1 Nc2 36. Bc1 Bc3 37. Nxc3 
1-0

[Event "Klubbmesterskap 2009"]
[Site "Ås, Akershus NOR"]
[Date "2009.02.05"]
[Round "2"]
[White "Høva, Frode"]
[Black "Furnes, Torstein"]
[Result "0-1"]
[WhiteElo "1511"]
[BlackElo "1479"]
[PlyCount "62"]
[EventDate "2009.01.29"]

1. d4 d5 2. c4 e6 3. Nc3 Nf6 4. Bg5 Be7 5. e3 O-O 6. Nf3 b6 7. Rc1 dxc4 8. Bxc4
Bb7 9. O-O Nbd7 10. d5 exd5 11. Nxd5 Nxd5 12. Bxd5 Bxd5 13. Qxd5 Bxg5 14. Nxg5
c5 15. Rfd1 Nf6 16. Qf5 Qe7 17. h4 h6 18. Nf3 Rad8 19. Ne5 Rxd1+ 20. Rxd1 Rd8
21. Rxd8+ Qxd8 22. g4 Qe7 23. g5 hxg5 24. hxg5 Nh7 25. f4 f6 26. gxf6 Nxf6 27.
Kf2 Qd6 28. Qc8+ Kh7 29. Ke2 Qd5 30. Qh3+ Kg8 31. Ng6 Qc4+ 0-1

[Event "Klubbmesterskap 2009"]
[Site "Ås, Akershus NOR"]
[Date "2009.02.12"]
[Round "3"]
[White "Lea, Per"]
[Black "Hovland, Arne"]
[Result "1-0"]
[WhiteElo "1562"]
[BlackElo "1619"]
[PlyCount "141"]
[EventDate "2009.01.29"]
1. e4 c5 2. Nf3 e6 3. d4 cxd4 4. Nxd4 a6 5. Nc3 b5 6. a3 Qb6 7. Be3 Qc7 8. Bd3 Nc6 9. Nxc6 Qxc6 10. e5 Qc7 11. Be4 Bb7 12. Qd4 Rc8 13. Rd1 f6 14. f4 f5 15. Bxb7 Qxb7 16. O-O Nh6 17. h3 Nf7 18. Rd2 Bc5 19. Qd3 Bxe3+ 20. Qxe3 O-O 21. Rfd1 Rfd8 22. Rd4 Qc6 23. Qd3 Rc7 24. Rd2 Qc5 25. Kh2 Qe7 26. Na2 g5 27. g3 h5 28. Nb4 a5 29. Na6 Rb7 30. b4 h4 31. Nc5 Rc7 32. Nxd7 hxg3+ 33. Kxg3 gxf4+ 34. Kh2 Rdc8 35. Rxf4 Rxd7 36. Qxd7 Qxd7 37. Rxd7 Rxc2+ 38. Kg1 Nxe5 39. Rd8+ Kf7 40. Rb8 Ra2 41. Rxb5 Kf6 42. Rxa5 Ra1+ 43. Kg2 Ng6 44. Rc4 Kg5 45. b5 Ra2+ 46. Kf1 e5 47. b6 Ra1+ 48. Ke2 Rb1 49. Rb4 Nf4+ 50. Kd2 Rh1 51. b7 Rh2+ 52. Kd1 Rh1+ 53. Kc2 Rh2+ 54. Kb1 Rh1+ 55. Ka2 Ne2 56. b8=Q Nc1+ 57. Kb2 Nd3+ 58. Kc3
Nxb4 59. Qd8+ Kh5 60. Qh8+ Kg5 61. axb4 e4 62. h4+ Kg4 63. Qf6 Rh3+ 64. Kc4 f4 65. Qf5+ Kg3 66. Qg5+ Kf3 67. Rf5 Ke2 68. Qg2+ Kd1 69. Qxh3 e3 70. Re5 e2 71. Qf3 
1-0

[Event "Klubbmesterskap 2009"]
[Site "Ås, Akershus NOR"]
[Date "2009.02.12"]
[Round "3"]
[White "Furnes, Torstein"]
[Black "Moberg, Jan Rune"]
[Result "1/2-1/2"]
[WhiteElo "1479"]
[BlackElo "1443"]
[PlyCount "106"]
[EventDate "2009.01.29"]

1. d4 d6 2. c4 c6 3. e4 Nd7 4. Nf3 e5 5. d5 Be7 6. Be2 Ngf6 7. Nc3 Nf8 8. Bd2
Ng6 9. g3 Bh3 10. Ng5 Qd7 11. Nxh3 Qxh3 12. Bf1 Qd7 13. Bg2 h5 14. h4 Qc7 15.
Qb3 Nd7 16. Be3 Nf6 17. a4 Ng4 18. Bd2 Qb6 19. Qxb6 axb6 20. f3 Nf6 21. Be3 Nd7
22. b4 Ngf8 23. Bh3 c5 24. bxc5 Nxc5 25. Bxc5 bxc5 26. Nb5 Kd8 27. Kd2 Nd7 28.
a5 Nb8 29. Rhb1 Na6 30. Na3 Nb4 31. Nc2 Nxc2 32. Kxc2 Kc7 33. Rb5 g5 34. hxg5
Bxg5 35. Rab1 Ra7 36. Kd3 Rg8 37. g4 hxg4 38. Bxg4 Rh8 39. R5b2 Bf4 40. Bf5 Rh6
41. Bg4 Rh2 42. Rxh2 Bxh2 43. Ra1 Ra8 44. Kc3 Bf4 45. Rh1 Rxa5 46. Rh7 Ra6 47.
Rxf7+ Kb8 48. Rd7 Be3 49. Kb3 Rb6+ 50. Kc2 Ka7 51. Kd3 Bd4 52. Rd8 Bb2 53. Kc2
Bd4 1/2-1/2

[Event "Klubbmesterskap 2009"]
[Site "Ås, Akershus NOR"]
[Date "2009.03.05"]
[Round "4"]
[White "Lea, Per"]
[Black "Furnes, Torstein"]
[Result "1/2-1/2"]
[WhiteElo "1562"]
[BlackElo "1479"]
[PlyCount "87"]
[EventDate "2009.01.29"]
1. e4 c5 2. Nf3 Nc6 3. d4 cxd4 4. Nxd4 e5 5. Nb5 d6 6. N1c3 a6 7. Na3 b5 8. Nd5 Nf6 9. Bg5 Be7 10. Bxf6 Bxf6 11. c3 O-O 12. Nc2 Bg5 13. a4 bxa4 14. Rxa4 a5 15. Bc4 Be6 16. Nce3 Ne7 17. O-O Qb8 18. Qa1 Qa7 19. Qa3 Bd7 20. Nxe7+ Bxe7 21. Bd5 Bxa4 22. Bxa8 Bb5 23. c4 d5 24. Qa2 dxc4 25. Bd5 c3 26. Rc1 cxb2 27. Qxb2 Bg5 28. Qxb5 Bxe3 29. Rc2 Bd4 30. Kf1 Rb8 31. Qc4 h6 32. Qa2 a4 33. f3 a3 34. Bb3 Bb2 35. Bd5 Bd4 36. Bb3 Qb7 37. Bd5 Qb1+ 38. Ke2 Qxa2 39. Rxa2 Rb2+ 40. Kd3 Rxa2 41. Bxa2 Kf8 42. f4 g6 43. g4 Ke7 44. f5 
1/2-1/2

[Event "Klubbmesterskap 2009"]
[Site "Ås, Akershus NOR"]
[Date "2009.03.31"]
[Round "5"]
[White "Weberg, Øivind"]
[Black "Lea, Per"]
[Result "1-0"]
[WhiteElo "1521"]
[BlackElo "1562"]
[PlyCount "35"]
[EventDate "2009.01.29"]
1. e4 e5 2. Nf3 Nc6 3. Bb5 a6 4. Ba4 Nf6 5. Qe2 b5 6. Bb3 Be7 7. O-O 
O-O 8. c3 d6 9. d3 Na5 10. Bc2 Ne8 11. Nbd2 f5 12. Rd1 f4 13. Nf1 Bf6 14. d4 Qe7 15. a4 b4 16. Qd3 bxc3 17. dxe5 cxb2 18. Bxb2 
1-0

[Event "Klubbmesterskap 2009"]
[Site "Ås, Akershus NOR"]
[Date "2009.03.12"]
[Round "5"]
[White "Furnes, Torstein"]
[Black "Hovland, Arne"]
[Result "0-1"]
[WhiteElo "1479"]
[BlackElo "1619"]
[PlyCount "53"]
[EventDate "2009.01.29"]

1. d4 f5 2. c4 Nf6 3. Nc3 g6 4. Nf3 Bg7 5. g3 O-O 6. Bg2 d6 7. O-O c6 8. Re1 h6
9. e4 Nxe4 10. Nxe4 fxe4 11. Rxe4 Bf5 12. Re1 g5 13. Be3 Nd7 14. Rc1 Qe8 15.
Qb3 Nf6 16. Qxb7 Rb8 17. Qxa7 Rxb2 18. a4 Ng4 19. a5 Be4 20. Bxg5 Nxf2 21. Bf4
Rxf4 22. gxf4 Qg6 23. Kf1 Bd3+ 24. Re2 Rxe2 25. Re1 Ra2+ 26. Kg1 Nh3+ 27. Kh1
0-1

[Event "Klubbmesterskap 2009"]
[Site "Ås, Akershus NOR"]
[Date "2009.03.19"]
[Round "6"]
[White "Lea, Per"]
[Black "Lange, David"]
[Result "0-1"]
[WhiteElo "1562"]
[BlackElo "1647"]
[PlyCount "80"]
[EventDate "2009.01.29"]
1. e4 e5 2. Nf3 Nc6 3. Bb5 a6 4. Ba4 Nf6 5. O-O Be7 6. Re1 b5 7. Bb3 O-O 8. c3 d6 9. h3 Na5 10. Bc2 c5 11. d4 Qc7 12. Nbd2 Bd7 13. d5 Rfc8
14. Nf1 Rab8 15. Bg5 h6 16. Bh4 Nc4 17. Rb1 Qd8 18. Bg3 Nh7 19. Ne3 Nxe3 20. Rxe3 Ng5 21. Nxe5 dxe5 22. Bxe5 Rb6 23. f4 f6 24. Bxf6 Bxf6 25. fxg5 Bxg5 26. Re2 Bf4 27. e5 Qg5 28. e6 Be8 29. Qd3 Rc7 30. Qh7+ Kf8 31. Rf1 Ke7 32. Qe4 Bd6 33. Rf7+ Kd8 34. Rxc7 Kxc7 35. e7 Qf4 36. Qh7 c4 37. Re1 Bc5+ 38. Kh1 Qf2 39. Qe4 Rf6 40. a4 Bd6 
0-1

[Event "Klubbmesterskap 2009"]
[Site "Ås, Akershus NOR"]
[Date "2009.03.19"]
[Round "6"]
[White "Furnes, Torstein"]
[Black "Weberg, Øivind"]
[Result "1/2-1/2"]
[WhiteElo "1479"]
[BlackElo "1521"]
[PlyCount "58"]
[EventDate "2009.01.29"]

1. d4 d5 2. c4 c6 3. cxd5 cxd5 4. Nf3 Nf6 5. Bf4 Nc6 6. e3 Bf5 7. Bd3 Bxd3 8.
Qxd3 e6 9. O-O Bd6 10. Bxd6 Qxd6 11. Nc3 O-O 12. Rac1 Rac8 13. a3 Rfe8 14. b4
e5 15. dxe5 Nxe5 16. Nxe5 Qxe5 17. h3 Rc6 18. Nb5 Rec8 19. Rxc6 Rxc6 20. Qd4
Qxd4 21. Nxd4 Rc3 22. Ra1 a6 23. g4 g6 24. Kg2 Ne4 25. Kf3 h6 26. a4 Nd2+ 27.
Kf4 Kg7 28. Ke5 Ne4 29. Ra2 Nf6 1/2-1/2

[Event "Klubbmesterskap 2009"]
[Site "Ås, Akershus NOR"]
[Date "2009.05.06"]
[Round "7"]
[White "Lange, Holger"]
[Black "Lea, Per"]
[Result "1/2-1/2"]
[WhiteElo "1622"]
[BlackElo "1575"]
[PlyCount "156"]
[EventDate "2009.01.29"]
1. d4 Nf6 2. c4 g6 3. Nf3 Bg7 4. Nc3 O-O 5. e4 d6 6. Be2 Nbd7
7. O-O e5 8. d5 Nc5 9. Qc2 a5 10. Be3 b6 11. Nd2 Ng4 12. Bxc5 bxc5 13. h3 Nh6 14. f4 f5 15. fxe5 Bxe5 16. Nf3 Bg7 17. Qd2 Bxc3 18. Qxc3 fxe4 19. Nd2 Re8 20. Rf4 Bf5 21. Qe3 g5 22. Rf2 Bg6 23. Raf1 Qe7 24. Bd1 Qe5 25. g4 Rf8 26. Bc2 Rxf2 27. Rxf2 Re8 28. b3 Qd4 29. Re2 Nf7 30. Qxd4 cxd4 31. Nxe4 Kg7 32. Kf2 Ne5 33. Bb1 d3 34. Re1 h6 35. Nd2 Rf8+ 36. Ke3 Rf4 37. Rf1 Rxf1 38. Nxf1 Kf6 39. Nd2 h5 40. gxh5 Bxh5 41. Bxd3 Nxd3 42. Kxd3 Ke5 43. Ke3 g4 44. hxg4 Bxg4 45. Ne4 Bf5 46. Nc3 Bd7 47. Ne2 c6 48. dxc6 Bxc6 49. Nd4 Bb7 50. Kd3 Be4+ 51. Kc3 Bb7 52. a3 Be4 53. Nb5 Bc6 54. Nd4 Be4 55. Ne2 Bc6 56. Nc1 Bb7 57. Nd3+ Ke4 58. Nf2+
Ke3 59. Ng4+ Kf4 60. Nf2 Ke3 61. Nd1+ Ke4 62. Nb2 Bc6 63. Nd3 Bb7 64. Ne1 Ke3 65. Nc2+ Ke4 66. Nd4 Ke5 67. Nb5 Bc6 68. Nc7 Bb7 69. b4 axb4+ 70. axb4 Bf3 71. b5 Bb7 72. Na6 d5 73. cxd5 Kxd5 74. Kb4 Bxa6 75. bxa6 Kc6 76. Ka5 Kc7 77. Kb5 Kb8 78. Kb6 Ka8 
1/2-1/2

[Event "Klubbmesterskap 2009"]
[Site "Ås, Akershus NOR"]
[Date "2009.04.02"]
[Round "7"]
[White "Lange, David"]
[Black "Furnes, Torstein"]
[Result "1-0"]
[WhiteElo "1647"]
[BlackElo "1479"]
[PlyCount "95"]
[EventDate "2009.01.29"]

1. d4 d5 2. Nf3 Nf6 3. e3 Bg4 4. h3 Bh5 5. c4 e6 6. Nc3 Nbd7 7. Be2 dxc4 8.
Bxc4 Nb6 9. Be2 Be7 10. O-O O-O 11. Qc2 Bg6 12. Bd3 Bxd3 13. Qxd3 c5 14. Rd1 c4
15. Qe2 Rc8 16. e4 Qc7 17. g3 Nbd7 18. Bf4 Qa5 19. a3 b5 20. Qd2 Qb6 21. Qc2 a5
22. Be3 Qb7 23. d5 exd5 24. Nxd5 Nxd5 25. exd5 Nc5 26. Bxc5 Rxc5 27. Qe4 Rd8
28. Re1 Bd6 29. Rad1 h6 30. Re2 Qd7 31. Kg2 Rcc8 32. Ne5 Bxe5 33. Qxe5 Re8 34.
Qh5 Rxe2 35. Qxe2 Re8 36. Qd2 a4 37. d6 Re6 38. Qd5 Re2 39. Rd2 Re6 40. Qc5
Qb7+ 41. Kh2 Re1 42. Rd5 Qd7 43. Qxb5 Qxb5 44. Rxb5 Rd1 45. Rb8+ Kh7 46. Rb6 f6
47. Kg2 Kg6 48. Ra6 1-0

[Event "Klubbmesterskap 2009"]
[Site "Ås, Akershus NOR"]
[Date "2009.04.23"]
[Round "8"]
[White "Lea, Per"]
[Black "Bakken, Svein-Erik"]
[Result "1-0"]
[WhiteElo "1575"]
[BlackElo "1277"]
[PlyCount "47"]
[EventDate "2009.01.29"]
1. e4 c5 2. Nf3 Nc6 3. d4 cxd4 4. Nxd4 a6 5. Nc3 e6 6. Bc4 Qc7 7. O-O Nf6 8. Be3 Be7 9. f4 Na5 10. Be2 d6 11. Qd3 O-O 12. g4 Rd8 13. g5 Ne8 14. f5 Nc6 15. fxe6 fxe6 16. Bg4 Nxd4 17. Qxd4 g6 18. Rf2 Ng7 19. Raf1 Rf8 20. Nd5 Qd8 21. Nxe7+ Qxe7 22. Rxf8+ Qxf8 23. Rxf8+ Kxf8 24. Qxd6+ 1-0

[Event "Klubbmesterskap 2009"]
[Site "Ås, Akershus NOR"]
[Date "2009.04.16"]
[Round "8"]
[White "Furnes, Torstein"]
[Black "Lange, Holger"]
[Result "1/2-1/2"]
[WhiteElo "1502"]
[BlackElo "1622"]
[PlyCount "149"]
[EventDate "2009.01.29"]

1. d4 Nf6 2. c4 e6 3. Nc3 Bb4 4. Qc2 c5 5. dxc5 Nc6 6. Nf3 Bxc5 7. Bg5 Be7 8.
e3 O-O 9. Be2 Qa5 10. O-O d5 11. cxd5 Nxd5 12. Bxe7 Ncxe7 13. Nxd5 Nxd5 14. Bd3
g6 15. Qc4 Qb4 16. Qc2 Bd7 17. Ne5 Rac8 18. Qe2 Bc6 19. Rfc1 Qd6 20. Nc4 Qe7
21. Qg4 Rfd8 22. Ne5 Nb4 23. Nxc6 Nxc6 24. Bb5 Rd2 25. Bxc6 Rxc6 26. Rxc6 bxc6
27. Qf3 Rxb2 28. Qxc6 Qf6 29. Qf3 Qxf3 30. gxf3 a5 31. a4 Kg7 32. Kg2 Kf6 33.
Kg3 h5 34. f4 Kf5 35. Kf3 Rb4 36. Ra3 e5 37. fxe5 Kxe5 38. h3 g5 39. Ra2 f5 40.
Ra3 g4+ 41. hxg4 fxg4+ 42. Kg3 Kf5 43. Kh4 Rb2 44. Kxh5 Rxf2 45. e4+ Kf4 46. e5
Re2 47. Rc3 Rxe5+ 48. Kh4 Re4 49. Rg3 Kf5 50. Ra3 Rf4 51. Kg3 Rb4 52. Ra2 Rb3+
53. Kg2 Kf4 54. Rf2+ Rf3 55. Rc2 Re3 56. Rc5 Re5 57. Rc4+ Re4 58. Rxe4+ Kxe4
59. Kg3 Kf5 60. Kg2 Kf4 61. Kf2 g3+ 62. Kg1 Kg5 63. Kf1 Kf4 64. Kg1 Ke3 65. Kg2
Kd3 66. Kxg3 Kc3 67. Kf3 Kb3 68. Ke2 Kxa4 69. Kd2 Kb3 70. Kc1 a4 71. Kb1 a3 72.
Ka1 Kb4 73. Ka2 Ka4 74. Ka1 Kb3 75. Kb1 1/2-1/2

[Event "Klubbmesterskap 2009"]
[Site "Ås, Akershus NOR"]
[Date "2009.05.07"]
[Round "9"]
[White "Simonsen, Steinar"]
[Black "Lea, Per"]
[Result "0-1"]
[WhiteElo "1402"]
[BlackElo "1575"]
[PlyCount "114"]
[EventDate "2009.01.29"]
1. e4 e5 2. Nf3 Nc6 3. Bb5 a6 4. Ba4 Nf6 5. O-O b5 6. Bb3 Be7 7. d3 d6 8. a4 b4 9. h3 Na5 10. Nbd2 Nxb3 11. Nxb3 a5 12. Re1 c5 13. Nbd2 Ba6 14. Nc4 O-O 15. Ne3 Bc8 16. Bd2 h6 17. c3 Be6 18. c4 Qc7 19. Nd5 Nxd5 20. exd5 Bf5 21. b3 Bf6 22. Ra2 Bxd3 23. Bxh6 e4 24. Bg5 Bc3 25. Re3 f5 26. Rxd3 exd3 27. Qxd3 Rae8 28. Re2 Qd7 29. Nh4 Rxe2 30. Qxe2 Bf6 31. Ng6 Bxg5 32. Qh5 Qd8 33. Qh8+ Kf7 34. Qxf8+ Qxf8 35. Nxf8 Kxf8 36. g3 f4 37. Kg2 fxg3 38. fxg3 Kf7 39. Kf3 Kf6 40. h4 Bc1 41. Ke4 g6 42. g4 Bd2 43. h5 gxh5 44. gxh5 Bh6 45. Kd3 Ke5 46. Kc2 Kd4 47. Kb2 Kd3 48. Kb1 Kc3 49. Ka2 Kc2 50. Ka1 Kxb3 51. Kb1 Kxc4 52. Kb2 Kxd5 53. Kb3 c4+
54. Kc2 Kd4 55. Kb2 Kd3 56. Kb1 c3 57. Ka2 c2 
0-1

[Event "Klubbmesterskap 2009"]
[Site "Ås, Akershus NOR"]
[Date "2009.05.07"]
[Round "9"]
[White "Bakken, Svein-Erik"]
[Black "Furnes, Torstein"]
[Result "1/2-1/2"]
[WhiteElo "1315"]
[BlackElo "1479"]
[PlyCount "126"]
[EventDate "2009.01.29"]

1. d4 d5 2. c4 e6 3. Nc3 Nf6 4. Bg5 Be7 5. e3 O-O 6. Nf3 Nbd7 7. Qc2 dxc4 8.
Bxc4 c5 9. O-O b6 10. Rfd1 Qc7 11. Bf4 Qb7 12. h3 cxd4 13. exd4 a6 14. a4 Nd5
15. Nxd5 exd5 16. Bd3 Nf6 17. Rac1 Be6 18. Qc7 Qxc7 19. Rxc7 Bd8 20. Rc2 Bd7
21. b3 Re8 22. Ne5 Bc8 23. Nc6 Bd7 24. Rdc1 Bxc6 25. Rxc6 h6 26. Rc8 Rxc8 27.
Rxc8 a5 28. Bb5 Rf8 29. Bd6 Be7 30. Rxf8+ Kxf8 31. Bc7 Bb4 32. Bxb6 Ne4 33. Bc6
Nc3 34. Kf1 Ke7 35. Bc5+ Bxc5 36. dxc5 Ne4 37. Bxd5 Nxc5 38. Ke2 f6 39. Ke3 Kd6
40. Kd4 g5 41. Kc4 Nxb3 42. Bf7 Nc5 43. Kb5 Nd3 44. Kxa5 Kc7 45. Kb5 Nxf2 46.
a5 Ne4 47. Bd5 Nd6+ 48. Kc5 h5 49. a6 Nc8 50. Be6 Na7 51. Kd5 Nc6 52. Ke4 Kd6
53. Bc8 h4 54. Bb7 Na7 55. Kd4 Nb5+ 56. Kc4 Na7 57. Kd4 Nb5+ 58. Ke4 Na7 59.
Kf5 Ke7 60. Bd5 Nc8 61. Bf3 Na7 62. Bg4 Nc6 63. Ke4 Kd6 1/2-1/2

[Event "Klubbmesterskapet 2009 (B)"]
[Site "Ås, Akershus NOR"]
[Date "2009.01.29"]
[Round "1"]
[White "Garmark, Vegard"]
[Black "Brenden, Torbjørn"]
[Result "1/2-1/2"]
[WhiteElo "1039"]
[BlackElo "1394"]
[PlyCount "58"]
[EventDate "2008.01.29"]

1. e4 c5 2. Nf3 d6 3. d4 cxd4 4. Nxd4 Nf6 5. Nc3 a6 6. h3 g6 7. Nd5 Nxd5 8.
exd5 Qa5+ 9. c3 Qxd5 10. Be3 Bg7 11. Qa4+ Bd7 12. Qc4 Qxc4 13. Bxc4 O-O 14. O-O
Nc6 15. Nxc6 Bxc6 16. Rad1 Rac8 17. Bb3 b5 18. Bd4 Ba8 19. f4 e5 20. fxe5 dxe5
21. Be3 Rc7 22. Rd6 Bb7 23. Bb6 Rc6 24. Rxc6 Bxc6 25. Bc5 Rd8 26. Bxf7+ Kh8 27.
c4 bxc4 28. Bxc4 Bb5 29. Bxb5 axb5 1/2-1/2

[Event "Klubbmesterskapet 2009 (B)"]
[Site "Ås, Akershus NOR"]
[Date "2009.03.19"]
[Round "6"]
[White "Stensland, Martin"]
[Black "Garmark, Vegard"]
[Result "0-1"]
[WhiteElo "1190"]
[BlackElo "1039"]
[PlyCount "79"]
[EventDate "2008.01.29"]

1. d4 Nf6 2. Bf4 d5 3. Nc3 c6 4. a3 g6 5. e3 Bg7 6. Nf3 O-O 7. Be2 Bf5 8. O-O
Ne4 9. Nxe4 Bxe4 10. Ng5 Nd7 11. c4 e5 12. dxe5 Nxe5 13. Nxe4 dxe4 14. Qc2 Re8
15. Rad1 Qh4 16. Qxe4 Ng4 17. Qf3 Ne5 18. Qg3 Qf6 19. Bg5 Qe6 20. c5 h6 21. Bf4
a5 22. b3 Qxb3 23. Rb1 Qxa3 24. Rxb7 Qxc5 25. Bxe5 Qxe5 26. Qf3 Qd5 27. Qh3 Qe6
28. Qh4 a4 29. Bc4 Qe4 30. Bxf7+ Kh7 31. Qg3 Rf8 32. Qc7 Rxf7 33. Qxf7 Rg8 34.
Rfb1 Qd5 35. Qe7 c5 36. Rc7 Qd3 37. Rbb7 c4 38. Qb4 Rd8 39. Qxa4 c3 40. Rc4 0-1